| 000 | 01108nam a2200349 a 4500 | ||
|---|---|---|---|
| 999 |
_c7470 _d7470 |
||
| 001 | 991002264019706706 | ||
| 003 | OSt | ||
| 005 | 20211201115741.0 | ||
| 008 | 080201s1991 spcd || 000 ||spa | ||
| 015 |
_aLL2008 _2bnc |
||
| 017 |
_aDL B. 26673-1991 _bBiblioteca de Catalunya |
||
| 020 | _a8432993565 | ||
| 035 | _a(ES-BaCBU)b10495289-34csuc_network | ||
| 035 | _a(ES-BaCBU).b10495289 | ||
| 035 | _a(ccuc001)b10495289 | ||
| 040 |
_aES-BaBC _bcat _cES-BaBC _dCDMR |
||
| 080 | _a621.396.97:371.684 | ||
| 080 | _a371.684:621.396.97 | ||
| 100 | 1 | _aGascón Baquero, María del Carmen. | |
| 245 | 1 | 3 |
_aLa Radio en la educación no formal / _cMa. Carmen Gascón Baquero |
| 260 |
_aBarcelona : _bCeac, _c1991 |
||
| 300 |
_a142 p. ; _c24 cm |
||
| 490 | 1 | _aPedagogía social | |
| 504 | _aBibliografia | ||
| 650 | 0 |
_aRàdio _92801 _xAspectes socials |
|
| 650 | 0 |
_aRàdio en l'ensenyament _94747 |
|
| 830 | 0 | _aPedagogía social | |
| 907 |
_a.b10495289 _b15-06-21 _c06-05-08 _d07-05-08 _em _fa _g- _hspa _ispc _j3 _k8 |
||
| 908 |
_aBC _aCDAM _aRS _aUAB _aUB _aUdL _aURV _aURL |
||
| 940 | _aBC | ||
| 942 |
_2udc _cMON |
||